000 00958nam a2200229Ia 4500
999 _c38331
_d38331
001 4341
003 GE_BSU
005 20191008115729.0
008 181216s1986||||ge |||||||||||||| ||geo||
040 _cGE_BSU
041 _ageo
080 _a398(479.22) ჯ–12
100 _aჯადოგნიშვილი, თ.
_94610
245 _aქართული ფოლკლორისტიკის სათავეებთან /
_cრედ. ა. ცანავა.
264 _aთბ. :
_bმეცნიერება,
_c1986.
300 _a242 გვ. ;
_b22 სმ.
504 _aსაძიებელი: გვ. 299 - 242.
653 _aქართული ფოლკლორისტიკა
700 _aცანავა, ა.
_eრედაქტორი
_94342
710 _aსაქ. სსრ მეცნ. აკად. ენისა და ლიტ-რის განყ-ბა
_94611
942 _cBK
_2udc